Equipos de LaLiga 25/26 - Estadísticas

Estadísticas generales
  • Esta prueba ha sido intentada 330 veces
  • La puntuación promedio es 18 de 20
Estadísticas de respuestas
Equipo % Correcto
Real Madrid
100%
Barcelona
99%
Atlético Madrid
98%
Sevilla
97%
Real Betis
95%
Athletic Club
94%
Valencia
93%
Real Sociedad
92%
Celta Vigo
91%
Getafe
90%
Real Oviedo
90%
Espanyol
89%
Girona FC
89%
Rayo Vallecano
89%
Deportivo Alavés
88%
Levante UD
84%
Mallorca
84%
Osasuna
84%
Villarreal
83%
Elche
82%
No se encontraron pruebas coincidentes
Distribución de puntuación
Porcentaje de gente con cada puntuación
Porcentaje por número respondido
Historial de tus puntuaciones
No has intentado esta prueba.